[Event "POL-ch sf"]
[Site "Czestochowa"]
[Date "1998.??.??"]
[Round "11"]
[White "Stefanek, Piotr"]
[Black "Spicak, Krzysztof"]
[Result "1-0"]
[WhiteElo "2215"]
[BlackElo "2100"]
[PlyCount "87"]
[EventDate "1998.10.??"]
[EventType "swiss"]
[EventRounds "11"]
[EventCountry "POL"]
[SourceTitle "EXT 2000"]
[Source "ChessBase"]
[SourceDate "1999.11.16"]
[SourceVersion "1"]
[SourceVersionDate "1999.11.16"]
[SourceQuality "1"]

1. e4 c5 2. Nf3 Nc6 3. Bb5 Qb6 4. Nc3 e6 5. 0-0 Nge7 6. Re1 a6 7. Bf1 d6 8. b3 Nd4 9. Na4 Qc7 10. c3 Nxf3+ 11. Qxf3 Nc6 12. Qg3 b6 13. Rd1 e5 14. Nb2 b5 15. a4 Rb8 16. axb5 axb5 17. d4 cxd4 18. cxd4 Nxd4 19. Rxd4 exd4 20. Nd3 g6 21. Bf4 f6 22. Rc1 Qd8 23. Nb4 Bb7 24. Bxb5+ Kf7 25. Qd3 Rc8 26. Bc4+ Kg7 27. Qxd4 Be7 28. Nd5 Bxd5 29. Qxd5 Rf8 30. Be3 f5 31. Rd1 fxe4 32. Qxe4 Bf6 33. g3 Ra8 34. b4 Qc7 35. Bd5 Ra1 36. Rxa1 Bxa1 37. b5 Rb8 38. b6 Rxb6 39. Bxb6 Qxb6 40. Qe7+ Kh6 41. Qf8+ Bg7 42. Qf4+ g5 43. Qf5 Qd8 44. Be4 1-0

[Event "Jantar Baltyku op-A"]
[Site "Poland"]
[Date "1998.??.??"]
[Round "?"]
[White "Stefanek, Piotr"]
[Black "Szelag, Marcin"]
[Result "0-1"]
[WhiteElo "2205"]
[BlackElo "2350"]
[PlyCount "60"]
[EventDate "1998.??.??"]
[EventType "swiss"]
[EventRounds "7"]
[EventCountry "POL"]
[SourceTitle "EXT 2003"]
[Source "ChessBase"]
[SourceDate "2002.11.25"]
[SourceVersion "1"]
[SourceVersionDate "2002.11.25"]
[SourceQuality "1"]

1. e4 c5 2. Nf3 d6 3. Bb5+ Nc6 4. 0-0 Bd7 5. Re1 Nf6 6. c3 a6 7. Bxc6 Bxc6 8. d4 Bxe4 9. Bg5 d5 10. dxc5 e6 11. Qa4+ Qd7 12. Qd4 Bxf3 13. Bxf6 Bxg2 14. Kxg2 gxf6 15. Qxf6 Rg8+ 16. Kh1 Bxc5 17. Nd2 Qe7 18. Qxe7+ Kxe7 19. f3 Rg5 20. Nb3 Bb6 21. Rad1 Rag8 22. Nd4 Rg2 23. Re2 Rxe2 24. Nxe2 Rg5 25. Nc1 h5 26. Nd3 h4 27. Rf1 Kf6 28. Nf2 Bxf2 29. Rxf2 Kf5 30. Rd2 Kf4 0-1

[Event "POL-chT 2nd League South"]
[Site "Wisla"]
[Date "1998.??.??"]
[Round "?"]
[White "Stohl, Igor"]
[Black "Stefanek, Piotr"]
[Result "1-0"]
[WhiteElo "2540"]
[BlackElo "2215"]
[PlyCount "55"]
[EventDate "1998.11.20"]
[EventType "team-swiss"]
[EventRounds "10"]
[EventCountry "POL"]
[SourceTitle "EXT 2000"]
[Source "ChessBase"]
[SourceDate "1999.11.16"]
[SourceVersion "1"]
[SourceVersionDate "1999.11.16"]
[SourceQuality "1"]

1. d4 Nf6 2. c4 Nc6 3. Nf3 e6 4. a3 d6 5. Nc3 g6 6. e4 Bg7 7. Be2 0-0 8. 0-0 e5 9. d5 Ne7 10. b4 Nd7 11. Nd2 f5 12. a4 Nf6 13. c5 Bh6 14. exf5 gxf5 15. Nc4 Bxc1 16. Rxc1 Kh8 17. f4 Ng6 18. fxe5 dxe5 19. Qd2 Rg8 20. Rce1 e4 21. Qd4 Rg7 22. Kh1 h5 23. g3 Kh7 24. Ne3 f4 25. gxf4 Bh3 26. Rg1 Qe7 27. d6 Rd8 28. Ncd5 1-0